000 00503nam a2200193Ia 4500
005 20240812094116.0
008 131103s9999 xx 000 0 und d
040 _aLoreto College
041 _aEnglish
082 _a822.33
_bHIB
100 _aShakespeare, William
245 _aCoriolanus
_cWilliam Shakespeare, edited by G R Hibbard
260 _aEngland
_bPenguine Books
_c1967
300 _a263p.
650 _aEnglish drama
700 _aHibbard, G R; ed.
850 _aLCBED
942 _cBK
999 _c29940
_d80419